[Event "BL 2223 (Women)"]
[Site "Germany"]
[Date "2023.04.29"]
[Round "9.6"]
[White "Zozulia, Anna"]
[Black "Dartmann Aubanell, Catriona"]
[Result "1-0"]
[WhiteElo "2234"]
[BlackElo "1870"]
[PlyCount "95"]
[EventDate "2022.10.15"]
[EventType "team-tourn"]
[EventRounds "11"]
[EventCountry "GER"]
[SourceTitle "EXT 2024"]
[Source "ChessBase"]
[SourceDate "2023.10.10"]
[SourceVersion "1"]
[SourceVersionDate "2023.10.10"]
[SourceQuality "1"]
[WhiteTeam "Solingen (W)"]
[BlackTeam "Hemer (W)"]
[WhiteTeamCountry "GER"]
[BlackTeamCountry "GER"]

1. e4 e6 2. d4 d5 3. Nd2 c5 4. exd5 Qxd5 5. Ngf3 cxd4 6. Bc4 Qd6 7. 0-0 Nf6 8. Nb3 Nc6 9. Nbxd4 Nxd4 10. Qxd4 Qxd4 11. Nxd4 Be7 12. Re1 0-0 13. Bg5 h6 14. Bh4 Rd8 15. c3 Nd5 16. Bg3 Bc5 17. Nb3 Bd6 18. Rad1 Bxg3 19. hxg3 Kf8 20. Re5 f6 21. Rh5 Ke7 22. Bxd5 Rxd5 23. Rhxd5 exd5 24. Rxd5 Be6 25. Rd4 b6 26. f3 Rd8 27. Rxd8 Kxd8 28. Nc1 Kc7 29. Kf2 Kd6 30. Ke3 Bc4 31. g4 Bf7 32. Kd4 h5 33. gxh5 Bxh5 34. c4 a5 35. b3 g5 36. Ne2 g4 37. f4 Bg6 38. g3 Bb1 39. Nc3 Bc2 40. Nd5 Bb1 41. a3 Ba2 42. Nxf6 Bxb3 43. Nxg4 Ke6 44. Ne3 Ba4 45. Nd5 Kf5 46. Nxb6 Be8 47. Nd5 Ba4 48. Ne3+ 1-0

[Event "BL 2223 (Women)"]
[Site "Germany"]
[Date "2023.03.12"]
[Round "8.3"]
[White "Rapport, Jovana"]
[Black "Zozulia, Anna"]
[Result "1/2-1/2"]
[WhiteElo "2295"]
[BlackElo "2234"]
[PlyCount "119"]
[EventDate "2022.10.15"]
[EventType "team-tourn"]
[EventRounds "11"]
[EventCountry "GER"]
[SourceTitle "CBM 213 Extra"]
[Source "ChessBase"]
[SourceDate "2023.05.31"]
[SourceVersion "1"]
[SourceVersionDate "2023.05.31"]
[SourceQuality "1"]
[WhiteTeam "Deizisau (W)"]
[BlackTeam "Solingen (W)"]
[WhiteTeamCountry "GER"]
[BlackTeamCountry "GER"]

1. e4 g6 2. d4 Bg7 3. Nf3 d6 4. Be2 Nf6 5. Nc3 c6 6. 0-0 0-0 7. h3 Nbd7 8. e5 Ne8 9. Re1 dxe5 10. dxe5 Nc7 11. Bf4 Nb6 12. Qc1 Ncd5 13. Nxd5 Nxd5 14. Bh6 b5 15. c4 bxc4 16. Bxc4 Re8 17. Bxg7 Kxg7 18. Bb3 Qb6 19. Ng5 h6 20. Ne4 Bf5 21. Nc5 Rad8 22. e6 Bxe6 23. Nxe6+ fxe6 24. Rxe6 Rd6 25. Qe1 Rxe6 26. Qxe6 Rf8 27. Rf1 Qc5 28. g3 Rf6 29. Qe4 a5 30. Kg2 Kf8 31. Qe2 Qb4 32. Rd1 Qc5 33. Qd2 Kg7 34. Qd4 Qxd4 35. Rxd4 Nb6 36. Re4 Kf8 37. Re5 Rf5 38. Rxf5+ gxf5 39. Be6 Na4 40. b3 Nc3 41. a4 f4 42. Kf3 fxg3 43. fxg3 Kg7 44. Bd7 c5 45. Bc6 Na2 46. Ke3 Kf6 47. h4 Ke5 48. Be4 Nc3 49. Bf3 c4 50. bxc4 Nxa4 51. Kd3 Nc5+ 52. Kc3 Ne6 53. Bd1 Nc5 54. Bc2 a4 55. g4 a3 56. g5 hxg5 57. hxg5 Ne6 58. g6 Kf6 59. Bb1 a2 60. Bxa2 1/2-1/2

[Event "BL 2223 (Women)"]
[Site "Germany"]
[Date "2023.02.19"]
[Round "6.4"]
[White "Ziegenfuss, Antonia"]
[Black "Zozulia, Anna"]
[Result "1/2-1/2"]
[WhiteElo "2144"]
[BlackElo "2234"]
[PlyCount "77"]
[EventDate "2022.10.15"]
[EventType "team-tourn"]
[EventRounds "11"]
[EventCountry "GER"]
[SourceTitle "CBM 213 Extra"]
[Source "ChessBase"]
[SourceDate "2023.05.31"]
[SourceVersion "1"]
[SourceVersionDate "2023.05.31"]
[SourceQuality "1"]
[WhiteTeam "Hamburger SK (W)"]
[BlackTeam "Solingen (W)"]
[WhiteTeamCountry "GER"]
[BlackTeamCountry "GER"]

1. d4 g6 2. c4 Bg7 3. Nc3 f5 4. h4 Nf6 5. e4 Nxe4 6. Nxe4 fxe4 7. d5 c6 8. h5 d6 9. hxg6 hxg6 10. Rxh8+ Bxh8 11. Ne2 Nd7 12. Nc3 Nf6 13. Be3 Qa5 14. Qd2 Bd7 15. Bd4 cxd5 16. cxd5 Kf7 17. Bxf6 Bxf6 18. Nxe4 Qxd2+ 19. Kxd2 Rc8 20. Bd3 Bf5 21. Rb1 Bd4 22. b3 Kg7 23. f3 Rh8 24. Re1 Rh2 25. Re2 Bxe4 26. Bxe4 Rh1 27. Kd3 Rd1+ 28. Rd2 Rxd2+ 29. Kxd2 a5 30. Kd3 Bc5 31. a4 g5 32. g4 Kf6 33. Bf5 Ke5 34. Be6 Kf4 35. Ke2 b6 36. Bg8 Bg1 37. Be6 Bc5 38. Bg8 Bg1 39. Be6 1/2-1/2

[Event "BL 2223 (Women)"]
[Site "Germany"]
[Date "2023.02.18"]
[Round "5.4"]
[White "Zozulia, Anna"]
[Black "Radikovic, Anamarija"]
[Result "1-0"]
[WhiteElo "2234"]
[BlackElo "2112"]
[PlyCount "73"]
[EventDate "2022.10.15"]
[EventType "team-tourn"]
[EventRounds "11"]
[EventCountry "GER"]
[SourceTitle "CBM 213 Extra"]
[Source "ChessBase"]
[SourceDate "2023.05.31"]
[SourceVersion "1"]
[SourceVersionDate "2023.05.31"]
[SourceQuality "1"]
[WhiteTeam "Solingen (W)"]
[BlackTeam "Harksheide (W)"]
[WhiteTeamCountry "GER"]
[BlackTeamCountry "GER"]

1. e4 c5 2. Nf3 Nc6 3. d4 cxd4 4. Nxd4 Nf6 5. Nc3 d6 6. Be2 e5 7. Nb3 Be7 8. 0-0 0-0 9. Kh1 a5 10. a4 Nb4 11. f4 Bd7 12. Bf3 Bc6 13. Re1 Rc8 14. Re2 Qc7 15. Be3 d5 16. exd5 e4 17. Bxe4 Nxe4 18. dxc6 Nxc3 19. bxc3 Nxc6 20. Nd4 Bf6 21. Nb5 Qb8 22. Bc5 Rfd8 23. Bd6 Qa8 24. Qe1 Qa6 25. Bc7 Rf8 26. Bd6 Rfd8 27. Rb1 h6 28. Re4 Na7 29. Bc7 Rf8 30. c4 Nc6 31. Qe3 Nb8 32. c5 Nc6 33. h3 Nb4 34. Bxa5 Nd5 35. Qe1 Rxc5 36. c4 Rxb5 37. axb5 1-0

[Event "Dortmund NRW Cup (Women) 49th"]
[Site "Dortmund"]
[Date "2022.07.22"]
[Round "7"]
[White "Priyanka, Nutakki"]
[Black "Zozulia, Anna"]
[Result "1-0"]
[WhiteElo "2308"]
[BlackElo "2244"]
[PlyCount "87"]
[EventDate "2022.07.16"]
[EventType "tourn"]
[EventRounds "9"]
[EventCountry "GER"]
[SourceTitle "CBM 209 Extra"]
[Source "ChessBase"]
[SourceDate "2022.09.30"]
[SourceVersion "1"]
[SourceVersionDate "2022.09.30"]
[SourceQuality "1"]

1. d4 Nf6 2. c4 g6 3. Nc3 Bg7 4. e4 d6 5. Be2 c6 6. Be3 e5 7. d5 cxd5 8. cxd5 a6 9. a4 a5 10. Qb3 0-0 11. Nf3 Na6 12. Nd2 Nd7 13. Qa3 f5 14. Nc4 Ndc5 15. Nxd6 Nb4 16. 0-0 Qxd6 17. Nb5 Qe7 18. d6 Qf6 19. Bxc5 Bd7 20. Bxb4 axb4 21. Qxb4 fxe4 22. Qxe4 Bc6 23. Qb4 Qg5 24. Qb3+ Kh8 25. f3 Qd2 26. Rad1 Qf4 27. Bc4 e4 28. Bd5 Bxb5 29. Qxb5 Be5 30. g3 Qe3+ 31. Kg2 Bxd6 32. Bxe4 Qc5 33. Qb3 Qb4 34. Qxb4 Bxb4 35. Rd4 Bc5 36. Rc4 Bd6 37. Rd1 Be5 38. Bxb7 Rab8 39. Rd7 Bxb2 40. Rcc7 Rfd8 41. Rxh7+ Kg8 42. f4 Bf6 43. a5 Rd2+ 44. Kf3 1-0

[Event "Dortmund NRW Cup (Women) 49th"]
[Site "Dortmund"]
[Date "2022.07.21"]
[Round "6"]
[White "Zozulia, Anna"]
[Black "Schleining, Zoya"]
[Result "1/2-1/2"]
[WhiteElo "2244"]
[BlackElo "2331"]
[PlyCount "22"]
[EventDate "2022.07.16"]
[EventType "tourn"]
[EventRounds "9"]
[EventCountry "GER"]
[SourceTitle "CBM 209 Extra"]
[Source "ChessBase"]
[SourceDate "2022.09.30"]
[SourceVersion "1"]
[SourceVersionDate "2022.09.30"]
[SourceQuality "1"]

1. e4 e5 2. Nf3 Nf6 3. Nxe5 d6 4. Nf3 Nxe4 5. Qe2 Qe7 6. d3 Nf6 7. Qxe7+ Bxe7 8. Be2 0-0 9. 0-0 Nc6 10. h3 Re8 11. a3 Bd7 1/2-1/2

[Event "Kiev Independence Cup IM"]
[Site "Kiev"]
[Date "2021.09.09"]
[Round "7"]
[White "Zozulia, Anna"]
[Black "Budnikov, Oleg"]
[Result "1/2-1/2"]
[WhiteElo "2251"]
[BlackElo "2394"]
[PlyCount "32"]
[EventDate "2021.09.03"]
[EventType "tourn"]
[EventRounds "9"]
[EventCountry "UKR"]
[EventCategory "1"]
[SourceTitle "CBM 204 Extra"]
[Source "ChessBase"]
[SourceDate "2021.11.30"]
[SourceVersion "1"]
[SourceVersionDate "2021.11.30"]
[SourceQuality "1"]

1. e4 e5 2. Nf3 Nc6 3. Bb5 a6 4. Bxc6 dxc6 5. 0-0 Bg4 6. h3 h5 7. c3 Qd3 8. hxg4 hxg4 9. Nxe5 Bd6 10. Nxd3 Bh2+ 11. Kh1 Bg3+ 12. Kg1 Bh2+ 13. Kh1 Bg3+ 14. Kg1 Bh2+ 15. Kh1 Bg3+ 16. Kg1 Bh2+ 1/2-1/2

[Event "Kiev Shystarev Memorial 1st"]
[Site "Kiev"]
[Date "2020.08.27"]
[Round "3"]
[White "Dzupin, Dmitry"]
[Black "Zozulia, Anna"]
[Result "1/2-1/2"]
[WhiteElo "2148"]
[BlackElo "2258"]
[PlyCount "73"]
[EventDate "2020.08.25"]
[EventType "swiss"]
[EventRounds "9"]
[EventCountry "UKR"]
[SourceTitle "EXT 2022"]
[Source "ChessBase"]
[SourceDate "2021.10.06"]
[SourceVersion "1"]
[SourceVersionDate "2021.10.06"]
[SourceQuality "1"]

1. c4 g6 2. Nc3 Bg7 3. g3 e5 4. Bg2 d6 5. Rb1 a5 6. d3 f5 7. e4 Nf6 8. Nge2 Nc6 9. 0-0 0-0 10. f4 Rb8 11. h3 fxe4 12. dxe4 exf4 13. gxf4 Be6 14. Nd5 Qd7 15. Kh2 Nh5 16. Be3 Kh8 17. Qd2 b5 18. c5 dxc5 19. Bxc5 Rf7 20. Rbd1 Rd8 21. Bf2 b4 22. Bh4 Rdf8 23. e5 Nxe5 24. fxe5 Rxf1 25. Bxf1 Bxe5+ 26. Kg1 Bxh3 27. Ne3 Qxd2 28. Rxd2 Bxf1 29. Nxf1 Nf6 30. Bg3 Re8 31. Rc2 c5 32. Bxe5 Rxe5 33. Nc1 Ne4 34. Kg2 a4 35. Ne2 Rg5+ 36. Kf3 Nd6 37. Ne3 1/2-1/2

[Event "TUR-chT 2nd League"]
[Site "Konya"]
[Date "2019.07.23"]
[Round "3.5"]
[White "Ayazmali, Gizem"]
[Black "Zozulia, Anna"]
[Result "0-1"]
[WhiteElo "1767"]
[BlackElo "2261"]
[PlyCount "84"]
[EventDate "2019.07.22"]
[EventType "team-swiss"]
[EventRounds "9"]
[EventCountry "TUR"]
[SourceTitle "CBM 191 Extra"]
[Source "ChessBase"]
[SourceDate "2019.09.30"]
[SourceVersion "1"]
[SourceVersionDate "2019.09.30"]
[SourceQuality "1"]
[WhiteTeam "Bursa Nida"]
[BlackTeam "Samsun Gercek"]
[WhiteTeamCountry "TUR"]
[BlackTeamCountry "TUR"]

1. d4 Nf6 2. c4 g6 3. Nc3 Bg7 4. g3 0-0 5. Bg2 d6 6. e3 c6 7. Nge2 e5 8. 0-0 Nbd7 9. b3 Re8 10. Bb2 Qc7 11. Rc1 Nf8 12. d5 c5 13. e4 a6 14. Nb1 Nh5 15. Bf3 Bh3 16. Re1 Nf6 17. a3 h5 18. Nec3 Bh6 19. Rc2 N8h7 20. Bc1 Bxc1 21. Qxc1 Kg7 22. Bg2 Qd7 23. Na4 Bxg2 24. Kxg2 Rab8 25. Nac3 h4 26. f3 h3+ 27. Kf2 Nh5 28. Ne2 f5 29. Nbc3 Rf8 30. Ng1 Rf7 31. b4 cxb4 32. axb4 Rc8 33. Nd1 fxe4 34. Rxe4 Qf5 35. Rh4 Ng5 36. g4 Qf4 37. Qxf4 Nxf4 38. Kg3 Nxd5 39. Rd2 Nf4 40. Ne3 Rcf8 41. Rxd6 Ne2+ 42. Kf2 Nxg1 0-1

[Event "Sharjah Cup (Women) 9th"]
[Site "Sharjah"]
[Date "2018.12.18"]
[Round "7"]
[White "Babayan, Armine"]
[Black "Zozulia, Anna"]
[Result "0-1"]
[WhiteElo "2189"]
[BlackElo "2270"]
[PlyCount "102"]
[EventDate "2018.12.14"]
[EventType "swiss"]
[EventRounds "9"]
[EventCountry "UAE"]
[SourceTitle "CBM 187 Extra"]
[Source "ChessBase"]
[SourceDate "2018.11.04"]
[SourceVersion "1"]
[SourceVersionDate "2018.11.04"]
[SourceQuality "1"]

1. e4 c5 2. Nf3 Nc6 3. d4 cxd4 4. Nxd4 Qb6 5. Nb3 Nf6 6. Nc3 e6 7. Bf4 Bb4 8. Bd3 d5 9. exd5 Nxd5 10. Bd2 Nxc3 11. bxc3 Be7 12. Qh5 g6 13. Qe2 Bf6 14. 0-0 0-0 15. Rab1 Qc7 16. Nc5 Bg7 17. Ne4 b6 18. Ng5 Bb7 19. Rfe1 e5 20. Qg4 Qe7 21. Qh3 h6 22. Nf3 Bc8 23. Qg3 Bb7 24. Nh4 Rad8 25. Rbd1 Qe6 26. Re4 g5 27. Rg4 Rxd3 28. cxd3 f5 29. Ra4 f4 30. Qf3 gxh4 31. Qh5 Qf5 32. Qxf5 Rxf5 33. f3 h3 34. gxh3 Bf8 35. Be1 b5 36. Re4 Nb8 37. Rb1 Bxe4 38. dxe4 Rg5+ 39. Kf1 a6 40. a4 Nd7 41. axb5 axb5 42. Rxb5 Bc5 43. Rb7 Rg7 44. Bh4 Nb6 45. Rb8+ Kf7 46. Bd8 Nc4 47. Rc8 Rg1+ 48. Ke2 Rg2+ 49. Kd1 Ne3+ 50. Ke1 Nc2+ 51. Kd1 Be3 0-1

[Event "Marmaris Cleopatra (Women)"]
[Site "Marmaris"]
[Date "2018.10.30"]
[Round "9.2"]
[White "Soyunlu, Narmin Asat Qizi"]
[Black "Zozulia, Anna"]
[Result "1-0"]
[WhiteElo "2014"]
[BlackElo "2292"]
[PlyCount "103"]
[EventDate "2018.10.26"]
[EventType "schev"]
[EventRounds "10"]
[EventCountry "TUR"]
[SourceTitle "CBM 187 Extra"]
[Source "ChessBase"]
[SourceDate "2018.11.04"]
[SourceVersion "1"]
[SourceVersionDate "2018.11.04"]
[SourceQuality "1"]

1. c4 g6 2. g3 Bg7 3. Bg2 d6 4. Nc3 e5 5. e3 Nf6 6. d4 0-0 7. Nge2 Nbd7 8. h3 Re8 9. b3 Nf8 10. a4 a5 11. Ba3 Ne6 12. dxe5 dxe5 13. 0-0 c6 14. Qxd8 Rxd8 15. Rad1 Re8 16. Rd2 Nf8 17. Rfd1 Be6 18. Kh2 h5 19. Nc1 N8d7 20. e4 Nb8 21. Nd3 Nfd7 22. Nc5 Nxc5 23. Bxc5 Na6 24. Bb6 Nb4 25. Bf1 Bf8 26. Rd8 Rexd8 27. Rxd8 Rxd8 28. Bxd8 Nc2 29. Bxa5 Nd4 30. b4 Be7 31. c5 Kf8 32. Kg2 Ke8 33. Bd3 Kd7 34. Bb6 f5 35. a5 Bd8 36. b5 cxb5 37. Nxb5 Nxb5 38. Bxb5+ Ke7 39. exf5 gxf5 40. Be2 Bf7 41. Bb5 Bd5+ 42. Kf1 Be6 43. Kg2 Bd5+ 44. Kf1 Be6 45. Bxd8+ Kxd8 46. c6 bxc6 47. Bxc6 Kc7 48. Be8 f4 49. Bxh5 Bxh3+ 50. Ke2 Kd6 51. gxf4 exf4 52. a6 1-0

[Event "Marmaris Cleopatra (Women)"]
[Site "Marmaris"]
[Date "2018.10.30"]
[Round "10.3"]
[White "Zozulia, Anna"]
[Black "Arda, Cagil Irmak"]
[Result "1/2-1/2"]
[WhiteElo "2292"]
[BlackElo "2096"]
[PlyCount "56"]
[EventDate "2018.10.26"]
[EventType "schev"]
[EventRounds "10"]
[EventCountry "TUR"]
[SourceTitle "CBM 187 Extra"]
[Source "ChessBase"]
[SourceDate "2018.11.04"]
[SourceVersion "1"]
[SourceVersionDate "2018.11.04"]
[SourceQuality "1"]

1. e4 e6 2. d4 d5 3. Nd2 c5 4. exd5 Qxd5 5. Ngf3 cxd4 6. Bc4 Qd7 7. 0-0 Nc6 8. Nb3 a6 9. Nbxd4 Nxd4 10. Qxd4 Qxd4 11. Nxd4 b5 12. Be2 Bb7 13. Bf3 Bxf3 14. Nxf3 Nf6 15. Be3 Be7 16. Rfd1 0-0 17. c3 Rfd8 18. Kf1 Rxd1+ 19. Rxd1 Rd8 20. Rxd8+ Bxd8 21. Ke2 Kf8 22. Kd2 Ke7 23. Kd3 Kd6 24. Bd4 Be7 25. Be3 Bd8 26. Bd4 Be7 27. Be3 Bd8 28. Bd4 Be7 1/2-1/2

[Event "Marmaris Cleopatra (Women)"]
[Site "Marmaris"]
[Date "2018.10.28"]
[Round "5.3"]
[White "Arda, Cagil Irmak"]
[Black "Zozulia, Anna"]
[Result "1/2-1/2"]
[WhiteElo "2096"]
[BlackElo "2292"]
[PlyCount "94"]
[EventDate "2018.10.26"]
[EventType "schev"]
[EventRounds "10"]
[EventCountry "TUR"]
[SourceTitle "CBM 187 Extra"]
[Source "ChessBase"]
[SourceDate "2018.11.04"]
[SourceVersion "1"]
[SourceVersionDate "2018.11.04"]
[SourceQuality "1"]

1. e4 c5 2. Nf3 Nc6 3. Bb5 e6 4. 0-0 Nge7 5. c3 a6 6. Ba4 b5 7. Bc2 Bb7 8. Re1 d6 9. d3 Ng6 10. Be3 Be7 11. Nbd2 0-0 12. Nf1 Nce5 13. Nxe5 dxe5 14. f3 Qc7 15. Qd2 Rfd8 16. Qf2 Bh4 17. g3 Be7 18. Qe2 Nf8 19. Red1 Nd7 20. Nd2 Nb6 21. f4 Nd7 22. Rf1 Nf6 23. fxe5 Qxe5 24. Rf2 Qd6 25. Raf1 e5 26. g4 Bc8 27. h3 Be6 28. Nf3 Nd7 29. Bb1 Rac8 30. Rg2 Nf8 31. h4 Ng6 32. Qf2 Nf4 33. Bxf4 exf4 34. Ng5 b4 35. Qxf4 Qxf4 36. Rxf4 Bxg5 37. hxg5 bxc3 38. bxc3 Rb8 39. Rf1 Rb5 40. Bc2 Rb2 41. Bb3 Rxg2+ 42. Kxg2 Bxb3 43. axb3 Rxd3 44. Rf3 Rd2+ 45. Rf2 Rd3 46. Rf3 Rd2+ 47. Rf2 Rd3 1/2-1/2

[Event "Marmaris Cleopatra (Women)"]
[Site "Marmaris"]
[Date "2018.10.28"]
[Round "6.4"]
[White "Zozulia, Anna"]
[Black "Okuyaz, Duru"]
[Result "1/2-1/2"]
[WhiteElo "2292"]
[BlackElo "2108"]
[PlyCount "58"]
[EventDate "2018.10.26"]
[EventType "schev"]
[EventRounds "10"]
[EventCountry "TUR"]
[SourceTitle "CBM 187 Extra"]
[Source "ChessBase"]
[SourceDate "2018.11.04"]
[SourceVersion "1"]
[SourceVersionDate "2018.11.04"]
[SourceQuality "1"]

1. e4 e6 2. d4 d5 3. Nd2 a6 4. Bd3 c5 5. dxc5 Bxc5 6. Ngf3 Nf6 7. Qe2 dxe4 8. Nxe4 Be7 9. 0-0 0-0 10. Rd1 Qc7 11. Nxf6+ Bxf6 12. Qe4 g6 13. Bf4 Qb6 14. Bxb8 Rxb8 15. Qf4 Bd8 16. b3 Bc7 17. Qh6 Bd8 18. Bc4 Bf6 19. Ng5 Bxg5 20. Qxg5 Qc7 21. a4 b5 22. axb5 axb5 23. Bd3 Bb7 24. Qg3 Qc5 25. Qe3 Qxe3 26. fxe3 b4 27. Kf2 Rfd8 28. Be2 Be4 29. Bd3 Bb7 1/2-1/2

[Event "Marmaris Cleopatra (Women)"]
[Site "Marmaris"]
[Date "2018.10.27"]
[Round "3.1"]
[White "Ince, Safiye Oyku"]
[Black "Zozulia, Anna"]
[Result "0-1"]
[WhiteElo "1855"]
[BlackElo "2292"]
[PlyCount "80"]
[EventDate "2018.10.26"]
[EventType "schev"]
[EventRounds "10"]
[EventCountry "TUR"]
[SourceTitle "CBM 187 Extra"]
[Source "ChessBase"]
[SourceDate "2018.11.04"]
[SourceVersion "1"]
[SourceVersionDate "2018.11.04"]
[SourceQuality "1"]

1. e4 c5 2. Nf3 e6 3. d4 cxd4 4. Nxd4 Nc6 5. Nc3 d6 6. g3 Nf6 7. Bg2 Be7 8. 0-0 0-0 9. Nxc6 bxc6 10. e5 Nd5 11. exd6 Qxd6 12. Ne4 Qc7 13. c4 Nb4 14. Bd2 f5 15. Bxb4 Bxb4 16. Qa4 Be7 17. Nc3 Rb8 18. Qxc6 Qxc6 19. Bxc6 Rxb2 20. Rab1 Rc2 21. Rfc1 Rxc1+ 22. Rxc1 Rd8 23. Rd1 Rxd1+ 24. Nxd1 Bf6 25. Ne3 Kf7 26. Bb5 Ke7 27. c5 Bd4 28. c6 Kd6 29. Kg2 e5 30. Kf3 Be6 31. Nc4+ Kc5 32. a4 Bd5+ 33. Ke2 Bxc6 34. Bxc6 Kxc6 35. f3 Kc5 36. Na5 Kb4 37. Nc6+ Kxa4 38. Kd3 Kb5 39. Ne7 g6 40. f4 Kc5 0-1

[Event "Marmaris Cleopatra (Women)"]
[Site "Marmaris"]
[Date "2018.10.27"]
[Round "4.2"]
[White "Zozulia, Anna"]
[Black "Soyunlu, Narmin Asat Qizi"]
[Result "0-1"]
[WhiteElo "2292"]
[BlackElo "2014"]
[PlyCount "155"]
[EventDate "2018.10.26"]
[EventType "schev"]
[EventRounds "10"]
[EventCountry "TUR"]
[SourceTitle "CBM 187 Extra"]
[Source "ChessBase"]
[SourceDate "2018.11.04"]
[SourceVersion "1"]
[SourceVersionDate "2018.11.04"]
[SourceQuality "1"]

1. e4 e5 2. Nf3 Nc6 3. Bb5 a6 4. Ba4 Nf6 5. 0-0 Be7 6. Re1 b5 7. Bb3 d6 8. c3 0-0 9. h3 Nb8 10. d4 Nbd7 11. Nbd2 Bb7 12. Bc2 Re8 13. Nf1 Bf8 14. Ng3 g6 15. Bd2 c5 16. d5 Nb6 17. Qc1 h5 18. Bg5 Be7 19. Bh6 Nh7 20. Nf1 Bc8 21. N3h2 Bg5 22. Bxg5 Qxg5 23. Qxg5 Nxg5 24. h4 Nh7 25. Ne3 Bd7 26. f3 Nc4 27. Nxc4 bxc4 28. Nf1 Reb8 29. Reb1 a5 30. Ne3 Bb5 31. Bd1 Nf6 32. Be2 a4 33. Bxc4 Kf8 34. b4 axb3 35. axb3 Rxa1 36. Rxa1 Nd7 37. Ra3 Ke7 38. Kf2 Bxc4 39. Nxc4 f5 40. Ke3 fxe4 41. fxe4 Nf6 42. Ra7+ Nd7 43. Na5 Rb5 44. Kd3 Ke8 45. Kc4 Rb8 46. Nc6 Rb6 47. b4 cxb4 48. cxb4 Nf6 49. Kd3 Kf8 50. Ra8+ Kf7 51. Ra7+ Kf8 52. Ra4 Kf7 53. Na5 Ke7 54. Nc6+ Kf7 55. Nd8+ Ke7 56. Ne6 Rb7 57. Ng5 Ng4 58. Kc3 Rc7+ 59. Kb3 Ne3 60. Ra2 Ng4 61. b5 Kd7 62. Kb4 Ne3 63. Kb3 Rb7 64. Re2 Rxb5+ 65. Ka4 Nd1 66. Kxb5 Nc3+ 67. Kc4 Nxe2 68. Ne6 Ke7 69. Kd3 Nf4+ 70. Nxf4 exf4 71. Ke2 Kf6 72. Kf2 g5 73. Kf3 Kg6 74. e5 dxe5 75. Ke4 g4 76. Kxe5 f3 77. d6 Kf7 78. Kd4 0-1

[Event "Metz (Women) 4th"]
[Site "Metz"]
[Date "2018.07.24"]
[Round "3"]
[White "Zozulia, Anna"]
[Black "Muetsch, Annmarie"]
[Result "1/2-1/2"]
[WhiteElo "2300"]
[BlackElo "2146"]
[PlyCount "122"]
[EventDate "2018.07.23"]
[EventType "tourn"]
[EventRounds "9"]
[EventCountry "FRA"]
[SourceTitle "CBM 185 Extra"]
[Source "ChessBase"]
[SourceDate "2018.07.29"]
[SourceVersion "1"]
[SourceVersionDate "2018.07.29"]
[SourceQuality "1"]

1. e4 e5 2. Nf3 Nc6 3. Nc3 Nf6 4. Bb5 Nd4 5. Bc4 Bc5 6. d3 d6 7. h3 c6 8. Nxd4 exd4 9. Ne2 d5 10. exd5 Nxd5 11. 0-0 0-0 12. Ng3 Be7 13. Qf3 Be6 14. Nh5 Kh8 15. Qg3 Bf6 16. Bd2 Rg8 17. Rfe1 c5 18. Re2 a6 19. Nf4 Nxf4 20. Bxf4 Bxc4 21. dxc4 Qb6 22. Qb3 Qxb3 23. axb3 Rge8 24. Rae1 Rxe2 25. Rxe2 h6 26. Bd6 Rc8 27. Kf1 Kh7 28. Ke1 Rc6 29. Bf8 b6 30. Kd2 h5 31. Kd3 Kg6 32. b4 cxb4 33. Bxb4 Kf5 34. Re4 h4 35. Bd2 g5 36. g4+ hxg3 37. fxg3 Rc8 38. h4 gxh4 39. gxh4 Rh8 40. Rf4+ Ke6 41. Be1 Rh5 42. Bf2 b5 43. cxb5 axb5 44. Bxd4 Bxh4 45. c4 bxc4+ 46. Kxc4 f5 47. b4 Bf6 48. b5 Bxd4 49. Rxd4 Rh8 50. b6 Ke5 51. b7 f4 52. Rd7 Ke4 53. Re7+ Kf3 54. Rc7 Rb8 55. Kd5 Ke3 56. Re7+ Kd3 57. Kc6 f3 58. Kc7 Rxb7+ 59. Kxb7 f2 60. Rf7 Ke2 61. Rxf2+ Kxf2 1/2-1/2

[Event "Metz (Women) 4th"]
[Site "Metz"]
[Date "2018.07.23"]
[Round "1"]
[White "Zozulia, Anna"]
[Black "Afraoui, Anaelle"]
[Result "1-0"]
[WhiteElo "2300"]
[BlackElo "2056"]
[PlyCount "45"]
[EventDate "2018.07.23"]
[EventType "tourn"]
[EventRounds "9"]
[EventCountry "FRA"]
[SourceTitle "CBM 185 Extra"]
[Source "ChessBase"]
[SourceDate "2018.07.29"]
[SourceVersion "1"]
[SourceVersionDate "2018.07.29"]
[SourceQuality "1"]

1. e4 c5 2. Nf3 Nc6 3. Nc3 Nf6 4. Bb5 Qc7 5. 0-0 Nd4 6. Bc4 e6 7. h3 Be7 8. d3 a6 9. a4 0-0 10. Be3 Nc6 11. Qd2 Rd8 12. Bf4 d6 13. Rae1 e5 14. Bh2 h6 15. Nh4 Nd4 16. f4 Rf8 17. fxe5 dxe5 18. Ng6 b5 19. Bxe5 Qd8 20. Nxe7+ Qxe7 21. Bxf6 gxf6 22. Nd5 Qe5 23. Qxh6 1-0

[Event "Mumbai AICF (Women)"]
[Site "Mumbai"]
[Date "2018.06.19"]
[Round "11"]
[White "Vantika, Agrawal"]
[Black "Zozulia, Anna"]
[Result "1-0"]
[WhiteElo "2279"]
[BlackElo "2314"]
[PlyCount "139"]
[EventDate "2018.06.12"]
[EventType "tourn"]
[EventRounds "11"]
[EventCountry "IND"]
[EventCategory "2"]
[SourceTitle "CBM 185 Extra"]
[Source "ChessBase"]
[SourceDate "2018.07.29"]
[SourceVersion "1"]
[SourceVersionDate "2018.07.29"]
[SourceQuality "1"]

1. Nf3 Nf6 2. g3 g6 3. Bg2 Bg7 4. 0-0 0-0 5. d4 d6 6. c4 c6 7. Nc3 Qa5 8. e4 e5 9. h3 Nbd7 10. Re1 exd4 11. Nxd4 Re8 12. Be3 a6 13. Nb3 Qc7 14. c5 dxc5 15. Nxc5 Ne5 16. Qe2 b6 17. Nd3 Nxd3 18. Qxd3 Bb7 19. b4 Rad8 20. Qc2 c5 21. bxc5 Nd7 22. Rab1 Nxc5 23. Nd5 Bxd5 24. exd5 Be5 25. h4 Qd6 26. Qd2 h5 27. Rec1 Rc8 28. Rc2 Rc7 29. Rbc1 Rec8 30. Qb4 Kg7 31. Rc4 Kh7 32. Qb1 Kg7 33. a4 a5 34. Qb5 Kh7 35. Rb1 Rb8 36. Kh2 Kg7 37. Bf3 Kh7 38. Kg2 Kg7 39. Rbc1 Rbc8 40. Rb1 Rb8 41. Bd2 Ra7 42. Qc6 Kh7 43. Bc3 Qxc6 44. dxc6 Bxc3 45. Rxc3 Na6 46. Rd1 Nc5 47. Rb1 Na6 48. Be2 Nb4 49. Rd1 Kg7 50. Bb5 Kf6 51. Rd7 Raa8 52. Rf3+ Ke5 53. Rfxf7 Rc8 54. f4+ Ke4 55. Be2 Re8 56. Bf3+ Ke3 57. Rfe7+ Rxe7 58. Rxe7+ Kd4 59. c7 Rc8 60. Bb7 Nd5 61. Bxc8 Nxe7 62. Bd7 Kc5 63. c8Q+ Nxc8 64. Bxc8 b5 65. axb5 a4 66. Be6 Kxb5 67. Kf3 Kc5 68. Ke4 Kd6 69. Ba2 Ke7 70. Ke5 1-0

[Event "Mumbai AICF (Women)"]
[Site "Mumbai"]
[Date "2018.06.17"]
[Round "9"]
[White "Srija, Seshadri"]
[Black "Zozulia, Anna"]
[Result "1-0"]
[WhiteElo "2207"]
[BlackElo "2314"]
[PlyCount "59"]
[EventDate "2018.06.12"]
[EventType "tourn"]
[EventRounds "11"]
[EventCountry "IND"]
[EventCategory "2"]
[SourceTitle "CBM 185 Extra"]
[Source "ChessBase"]
[SourceDate "2018.07.29"]
[SourceVersion "1"]
[SourceVersionDate "2018.07.29"]
[SourceQuality "1"]

1. e4 g6 2. d4 Bg7 3. Nc3 d6 4. f4 a6 5. Nf3 e6 6. a4 Ne7 7. Be2 Nd7 8. 0-0 b6 9. Be3 Bb7 10. g4 h5 11. g5 c6 12. Nh4 c5 13. f5 exf5 14. exf5 Bxd4 15. Bxd4 cxd4 16. Qxd4 Ne5 17. Ne4 Bxe4 18. Qxe4 Qc8 19. fxg6 fxg6 20. Rf6 Ra7 21. Rd1 Qc5+ 22. Kh1 Nf7 23. Re6 Kd8 24. Nxg6 Nxg6 25. Qxg6 Qc6+ 26. Kg1 Qc5+ 27. Kf1 Kc8 28. Rf6 Nxg5 29. Rdxd6 Rc7 30. Rc6 1-0